000 01119pam a2200349 i 4500
001 data
005 20260322212102.0
008 data
035 _a2217704
906 _a7
_bcbc
_corignew
_d1
_eocip
_f19
_gy-gencatlg
010 _a 75040101
020 _a0061404640
020 _a9780061404641
035 _9(DLC) 75040101
040 _aDLC
_cDLC
_dDLC
050 0 0 _aRM300
_b.E84 1976
060 _aQV4 E78
082 0 0 _a615/.1
245 0 0 _aEssentials of pharmacology :
_bintroduction to the principles of drug action /
_cedited by John A. Bevan.
250 _a2d ed.
260 _aHagerstown, Md. :
_bMedical Dept., Harper & Row,
_cc1976.
300 _axix, 649 p., [1] leaf of plates :
_bill. ;
_c27 cm.
336 _atext
_btxt
_2rdacontent
337 _aunmediated
_bn
_2rdamedia
338 _avolume
_bnc
_2rdacarrier
504 _aIncludes bibliographies and index.
650 0 _aPharmacology.
650 2 _aPharmacology.
700 1 _aBevan, John A.,
_d1930-
991 _bc-GenColl
_hRM300
_i.E84 1976
_p0002587545A
_tCopy 1
_wBOOKS
999 _c1480
_d1480